| 000 | 00359nam a22001457a 4500 | ||
|---|---|---|---|
| 001 | 22470 | ||
| 005 | 20260330103907.0 | ||
| 008 | 260330b |||||||| |||| 00| 0 slo d | ||
| 020 |
_a9788081250293 _qleporelá |
||
| 040 | _bslo | ||
| 245 | _aHľadaj schované sloníčatá | ||
| 260 |
_aBratislava _bJunior _c2011 |
||
| 655 | _aleporelá | ||
| 942 |
_2ddc _cKLDE _n0 |
||
| 999 |
_c22470 _d22470 |
||